000
00311nam a2200121Ia 4500
008
220204s9999 xx 000 0 und d
082
_a
541.1:014.3
_b
BUC
245
0
_a
Index volume
260
_a
London
_b
Butterworths
_c
1973
490
_a
Physical chemsitry, series one
700
_a
Buckingham, A D
942
_c
BK
999
_c
26051
_d
26051